The discipline dilemma

Bibliographic Details
Main Author: Lewis, Ramon
Format: Book
Published: Victoria : The Australian Council for Educational Research , 1991
Subjects:

MARC

LEADER 00000cam a2200000 7i4500
001 0000000190
002 000000253
005 20000330.0
020 |a 0864310838 
090 0 0 |a 371.1024   |b LEW 
100 1 |a Lewis, Ramon 
245 1 4 |a The discipline dilemma   |c Ramon Lewis 
260 |a Victoria :   |b The Australian Council for Educational Research ,   |c 1991 
300 |a 142p. ;   |c 23cm. 
650 0 0 |a School children   |x Discipline 
710 1
999 |a 027646   |b BUKU   |c PINJAMAN   |e PERPUSTAKAAN KOMUNITI PETALING JAYA